<?xml version="1.0" encoding="UTF-8"?>
<collection xmlns="http://www.loc.gov/MARC21/slim">
 <record>
  <leader>01062ntm a22002535a 4500</leader>
  <controlfield tag="001">EIQ.libpla002542</controlfield>
  <controlfield tag="008">070628s1998####ag#a#####bm###000#0#spa#d</controlfield>
  <controlfield tag="005">20070703172138.0</controlfield>
  <datafield tag="245" ind1="1" ind2="0">
   <subfield code="a">Química de las radiaciones en polímeros :</subfield>
   <subfield code="b">modificaciones inducidas por radiación gamma en polietileno /</subfield>
   <subfield code="c">Noemí Amalia Andreucetti.</subfield>
  </datafield>
  <datafield tag="260" ind1=" " ind2=" ">
   <subfield code="c">1998.</subfield>
  </datafield>
  <datafield tag="300" ind1=" " ind2=" ">
   <subfield code="a">xxiv, 139 p. :</subfield>
   <subfield code="b">il., tablas, figuras ;</subfield>
   <subfield code="c">21 cm.</subfield>
  </datafield>
  <datafield tag="502" ind1=" " ind2=" ">
   <subfield code="a">Tesis (doctorado)--Universidad Nacional del Sur. Departamento de Ingeniería Química, 1998.</subfield>
  </datafield>
  <datafield tag="500" ind1=" " ind2=" ">
   <subfield code="a">Director de tesis: Dr. Osvaldo A. Curzio.</subfield>
  </datafield>
  <datafield tag="504" ind1=" " ind2=" ">
   <subfield code="a">Incluye referencias bibliográficas.</subfield>
  </datafield>
  <datafield tag="100" ind1="1" ind2=" ">
   <subfield code="a">Andreucetti, Noemi Amalia.</subfield>
   <subfield code="4">dis</subfield>
  </datafield>
  <datafield tag="710" ind1="2" ind2=" ">
   <subfield code="a">Universidad Nacional del Sur (UNS).</subfield>
   <subfield code="b">Dto. de Ingeniería Química</subfield>
   <subfield code="4">dgg.</subfield>
  </datafield>
  <datafield tag="650" ind1=" " ind2="4">
   <subfield code="a">Polímeros</subfield>
   <subfield code="x">Tesis.</subfield>
  </datafield>
  <datafield tag="650" ind1=" " ind2="4">
   <subfield code="a">Polimeros</subfield>
   <subfield code="x">Polietileno</subfield>
  </datafield>
  <datafield tag="650" ind1=" " ind2="4">
   <subfield code="a">Polimeros</subfield>
   <subfield code="x">Radiaciones.</subfield>
  </datafield>
  <datafield tag="650" ind1=" " ind2="4">
   <subfield code="a">Polymers</subfield>
   <subfield code="x">Thesis.</subfield>
  </datafield>
  <datafield tag="650" ind1=" " ind2="4">
   <subfield code="a">Polymers</subfield>
   <subfield code="x">Polyethylene.</subfield>
  </datafield>
  <datafield tag="650" ind1=" " ind2="4">
   <subfield code="a">Polymers</subfield>
   <subfield code="x">Radiations.</subfield>
  </datafield>
  <datafield tag="040" ind1=" " ind2=" ">
   <subfield code="a">AR-BbSID</subfield>
   <subfield code="b">spa</subfield>
   <subfield code="c">AR-BbSID</subfield>
  </datafield>
  <datafield tag="859" ind1=" " ind2=" ">
   <subfield code="a">AR-BbSID</subfield>
   <subfield code="b">BIB. PLAPIQUI</subfield>
   <subfield code="h">547.704 582</subfield>
   <subfield code="i">An 25</subfield>
   <subfield code="p">5100</subfield>
  </datafield>
 </record>
</collection>
